header

The six disciplines of breakthrough learning (Record no. 186595)

MARC details
000 -LEADER
fixed length control field 01400nam a2200337Ia 4500
082 04 - DEWEY DECIMAL CLASSIFICATION NUMBER
Classification number 658.3/124
100 1# - MAIN ENTRY--AUTHOR NAME
Personal name Wick, Calhoun W.
245 14 - TITLE STATEMENT
Title The six disciplines of breakthrough learning
250 ## - EDITION STATEMENT
Edition statement 2nd ed.
260 ## - PUBLICATION, DISTRIBUTION, ETC. (IMPRINT)
Place of publication San Francisco :
Name of publisher Pfeiffer,
Year of publication 2010.
300 ## - PHYSICAL DESCRIPTION
Number of Pages xv, 360 p.
650 #0 - SUBJECT ADDED ENTRY--TOPICAL TERM
Topical Term Organizational learning.
Topical Term Employees
700 1# - ADDED ENTRY--PERSONAL NAME
Personal name Pollock, Roy V. H.
Personal name Jefferson, Andrew McK.
856 40 - ELECTRONIC LOCATION AND ACCESS
Uniform Resource Identifier http://site.ebrary.com/lib/rucke/Doc?id=10419278

No items available.

© 2026 Rongo University
Contact us: librarian | system librarian | Rongo university